=LDR 00000nam 2200000 4500 =001 INLIS000000000809556 =005 20250814013959 =035 ##$$a 0010-0825000049 =100 ##$$a Mizan Qudsiyah$e Pengarang =245 1#$$a Variasi sunnah dalam ibadah /$c Mizan Qudsiyah, Lc, MA. =250 ##$$a Cetakan kedua : Dzulqa'dah 1441 H/Juli 2020 M =264 ##$$a Jakarta : :$b Pustaka Imam Asy-Syafi'i,,$c 2020 =300 ##$$a xii, 335 halaman : $b ilustrasi ; $c 23 cm =336 ##$$a teks$2 rdacontent =337 ##$$a tanpa perantara$2 rdamedia =338 ##$$a volume$2 rdacarrier =504 ##$$a Bibliografi : halaman 330 - 335 =520 ##$$a Membahas aneka variasi sunnah Nabi yang diriwayatkan dalam hadits-hadits shahih maupun hasan. Tema yang diterangkan cukup luas, mencakup berbagai amalan ibadah mahdhah, mulai dari masalah wudhu, mandi, shalat-shalat sunnah, sifat shalat fardhu, adzan, iqamat, qunut, haji. Varian-varian sunnah yang dicontohkan oleh Nabi tersebut, umat muslim dianjurkan memilih dan mengamalkannya dalam kondisi yang berbeda-beda. Tujuan utama yang hendak diraih adalah menyempurnakan ittiba (peneladanan) terhadap sosok Rasulullah.vvvvvvvvvvvv =850 ##$$a JKPNPNA =990 ##$$a 202200103073898 =990 ##$$a 202200103073897 =990 ##$$a 202200103073896 =990 ##$$a 202200103073895 =006 aa g 000 0 =007 ta =008 250814###########################0#ind## =020 ##$$a 978-602-6360-49-6 =040 ##$$a JKPNPNA $b ind $e rda =082 ##$$a 297.405 =084 ##$$a 297.405 MIZ v